000
00281nam a2200121 a 4500
001
4144
005
20140414131936.0
008
090317s19uu xx 00 eng d
050
_a
REF 686
_b
R75 2006
100
_a
Royston, Angela
245
_a
How is a book made?.
999
_c
112448
_d
112448